The essential Galbraith /

Bibliographic Details
Main Author: Galbraith, John Kenneth, 1908-2006
Other Authors: Williams, Andrea D.
Format: Book
Language:English
Published: Boston : Houghton Mifflin, 2001.
Subjects:

MARC

Tag First Indicator Second Indicator Subfields
LEADER 00000pam a22000004a 4500
001 in00001639921
005 20151023090649.0
008 010503s2001 mau b 001 0deng
010 |a  2001024986 
020 |a 0618119639 
035 |a (OCoLC)ocm46918471 
040 |a DLC  |c DLC  |d TXA  |d UtOrBLW 
042 |a pcc 
043 |a n-us--- 
049 |a TXAM 
050 0 0 |a HB119.G33  |b A25 2001 
082 0 0 |a 330  |2 21 
100 1 |a Galbraith, John Kenneth,  |d 1908-2006. 
245 1 4 |a The essential Galbraith /  |c John Kenneth Galbraith ; selected and edited by Andrea D. Williams. 
264 1 |a Boston :  |b Houghton Mifflin,  |c 2001. 
300 |a x, 316 pages ;  |c 21 cm. 
336 |a text  |b txt  |2 rdacontent 
337 |a unmediated  |b n  |2 rdamedia 
338 |a volume  |b nc  |2 rdacarrier 
504 |a Includes bibliographical references (pages [315]-316). 
600 1 0 |a Galbraith, John Kenneth,  |d 1908-2006. 
650 0 |a Economists  |z United States. 
700 1 |a Williams, Andrea D. 
948 |a cataloged  |b h  |c 2001/10/31  |d c  |e dmitchel  |f 10:52:36 am 
994 |a E0  |b TXA 
999 |a MARS 
999 f f |s f71643cb-4677-3c3c-b5f7-ba93dd225d7e  |i 927393db-587e-3df1-b6f2-a2042bcd5b4f  |t 0 
952 f f |p ric  |a Texas A&M University  |b Rellis Campus  |c Joint Library Facility  |d Remote Storage  |t 0  |e HB119.G33 A25 2001  |h Library of Congress classification  |i unmediated -- volume  |m A14828278399 
998 f f |a HB119.G33 A25 2001  |t 0  |l Remote Storage